L'Europa e un nuovo ordine globale : colmare i divari globali

Đã lưu trong:
Chi tiết về thư mục
Tác giả khác: Rasmussen, Poul Nyrup (a cura di)
Định dạng: Sách
Ngôn ngữ:Tiếng Anh
Được phát hành: Bruxelles Partito socialista europeo 2003
Các nhãn: Thêm thẻ
Không có thẻ, Là người đầu tiên thẻ bản ghi này!

MARC

LEADER 00000nam a2200000 4500
005 20231123131208.0
008 231123b |||||||| |||| 00| 0 eng d
040 |c C 
245 |a L'Europa e un nuovo ordine globale  |b : colmare i divari globali 
260 |a Bruxelles  |b Partito socialista europeo  |c 2003 
700 |a Rasmussen, Poul Nyrup  |c (a cura di) 
942 |2 ddc  |c BK  |n 0 
952 |0 0  |1 0  |2 ddc  |4 0  |6 320_940000000000000_PAR_LEU  |7 1  |9 331  |a GE  |b GE  |d 2015-12-14  |l 0  |o 320.94 PAR LEU  |p 3021  |r 2023-11-23 13:12:41  |w 2023-11-23  |y BK 
999 |c 240  |d 240